[Event "Hofheim Spring op-B 7th"]
[Site "Hofheim"]
[Date "2019.04.24"]
[Round "2"]
[White "Waligora, Franciszek"]
[Black "Sondermann, Jonathan"]
[Result "1-0"]
[WhiteElo "1694"]
[BlackElo "1806"]
[PlyCount "61"]
[EventDate "2019.04.23"]
[EventType "swiss"]
[EventRounds "9"]
[EventCountry "GER"]
[SourceTitle "CBM 190 Extra"]
[Source "ChessBase"]
[SourceDate "2019.07.15"]
[SourceVersion "1"]
[SourceVersionDate "2019.07.15"]
[SourceQuality "1"]

1. e4 c5 2. Nf3 Nc6 3. d4 cxd4 4. Nxd4 Nf6 5. Nc3 e6 6. Nxc6 bxc6 7. e5 Nd5 8. Ne4 Qc7 9. f4 Be7 10. c4 Bb4+ 11. Ke2 Ba6 12. Kf3 Nb6 13. c5 Nc4 14. Bxc4 Bxc4 15. Nd6+ Ke7 16. Nxc4 Bxc5 17. Be3 Bxe3 18. Nxe3 Qb7 19. Qd6+ Ke8 20. Rad1 c5+ 21. Kf2 Qxb2+ 22. Rd2 Qb7 23. Rb1 Qc8 24. f5 h5 25. f6 gxf6 26. exf6 Qd8 27. Nd5 Rc8 28. Nc7+ Rxc7 29. Rb8 Rh6 30. Rxd8+ Kxd8 31. Qf8# 1-0

[Event "JBLN Ost 1819"]
[Site "Germany"]
[Date "2018.11.03"]
[Round "3.3"]
[White "Sondermann, Jonathan"]
[Black "Henning, Marvin"]
[Result "1-0"]
[WhiteElo "1757"]
[BlackElo "1972"]
[PlyCount "99"]
[EventDate "2018.09.29"]
[EventType "team-tourn"]
[EventRounds "9"]
[EventCountry "GER"]
[SourceTitle "CBM 189 Extra"]
[Source "ChessBase"]
[SourceDate "2019.05.31"]
[SourceVersion "1"]
[SourceVersionDate "2019.05.31"]
[SourceQuality "1"]
[WhiteTeam "Borussia Lichtenberg"]
[BlackTeam "Reideburg 90 Halle"]
[WhiteTeamCountry "GER"]
[BlackTeamCountry "GER"]

1. Nf3 d6 2. c4 e5 3. d4 e4 4. Ng5 f5 5. g3 h6 6. Nh3 g5 7. b3 Bg7 8. Bb2 Nd7 9. f3 Ngf6 10. Nf2 0-0 11. Bg2 Qe7 12. 0-0 b6 13. Nc3 Bb7 14. Qc2 Rae8 15. d5 e3 16. Nd3 a6 17. a4 h5 18. a5 Bc8 19. Nb4 Nb8 20. axb6 cxb6 21. Na4 h4 22. gxh4 g4 23. Nxb6 g3 24. Nxc8 gxh2+ 25. Kxh2 Rxc8 26. Qxf5 Nh5 27. Qxh5 Bxb2 28. Qg6+ Kh8 29. Qh6+ Qh7 30. Qxh7+ Kxh7 31. Rab1 Be5+ 32. Kh3 Nd7 33. Nd3 Kg7 34. Nxe5 dxe5 35. Kg3 Nf6 36. Bh3 Nh5+ 37. Kh2 Rb8 38. Rg1+ Kh6 39. Rg5 e4 40. Bg4 Nf4 41. fxe4 Rg8 42. Rxg8 Rxg8 43. Rg1 Rb8 44. d6 Ng6 45. d7 Ne5 46. Rd1 Rd8 47. Bf5 Kh5 48. Kh3 a5 49. Rd5 Nc6 50. Bg4+ 1-0

[Event "Berlin Eckbauer op 21st"]
[Site "Berlin"]
[Date "2018.10.08"]
[Round "1"]
[White "Sondermann, Jonathan"]
[Black "Eichstaedt, Torsten"]
[Result "1-0"]
[WhiteElo "1762"]
[BlackElo "1401"]
[PlyCount "41"]
[EventDate "2018.10.08"]
[EventType "swiss"]
[EventRounds "7"]
[EventCountry "GER"]
[SourceTitle "CBM 189 Extra"]
[Source "ChessBase"]
[SourceDate "2019.05.31"]
[SourceVersion "1"]
[SourceVersionDate "2019.05.31"]
[SourceQuality "1"]

1. Nf3 d5 2. c4 d4 3. e3 c5 4. exd4 cxd4 5. g3 Bg4 6. Bg2 Nc6 7. 0-0 e6 8. d3 Bxf3 9. Bxf3 Qb6 10. Re1 Bb4 11. Bd2 Bd6 12. Qa4 Nge7 13. Na3 0-0 14. Nb5 Ne5 15. Be4 a6 16. Nxd6 Qxd6 17. Bb4 Qc7 18. Qa3 Rfe8 19. Bd6 Nxc4 20. dxc4 Qxc4 21. Bxe7 1-0

[Event "Berlin Werner Ott op"]
[Site "Berlin"]
[Date "2018.07.08"]
[Round "9"]
[White "Buttkus, Andree"]
[Black "Sondermann, Jonathan"]
[Result "1-0"]
[WhiteElo "2004"]
[BlackElo "1659"]
[PlyCount "67"]
[EventDate "2018.06.30"]
[EventType "swiss"]
[EventRounds "9"]
[EventCountry "GER"]
[SourceTitle "CBM 185 Extra"]
[Source "ChessBase"]
[SourceDate "2018.07.29"]
[SourceVersion "1"]
[SourceVersionDate "2018.07.29"]
[SourceQuality "1"]

1. e4 c5 2. Nc3 Nc6 3. Nf3 g6 4. d4 cxd4 5. Nxd4 Bg7 6. Nb3 Nf6 7. Be2 0-0 8. 0-0 d6 9. Bg5 h6 10. Bh4 Nd7 11. Qd2 Nb6 12. Rab1 Ne5 13. Nd5 Nxd5 14. exd5 g5 15. Bg3 Bf5 16. f4 gxf4 17. Bxf4 Bg6 18. Bxh6 Bxh6 19. Qxh6 Bxc2 20. Rbc1 Bg6 21. Rc3 f6 22. Bh5 Bxh5 23. Rg3+ Bg4 24. Rxg4+ Nxg4 25. Qg6+ Kh8 26. Qh5+ Kg8 27. Qxg4+ Kh8 28. Qh5+ Kg7 29. Qg4+ Kh8 30. Qh5+ Kg7 31. Rf3 Rg8 32. Rg3+ Kf8 33. Qh6+ Kf7 34. Qh7+ 1-0

[Event "Berlin Lichtenrade op 13th"]
[Site "Berlin"]
[Date "2017.11.05"]
[Round "9"]
[White "Feil, Stephan"]
[Black "Sondermann, Jonathan"]
[Result "1-0"]
[WhiteElo "2084"]
[BlackElo "1478"]
[PlyCount "57"]
[EventDate "2017.10.28"]
[EventType "swiss"]
[EventRounds "9"]
[EventCountry "GER"]
[SourceTitle "CBM 181 Extra"]
[Source "ChessBase"]
[SourceDate "2017.12.12"]
[SourceVersion "1"]
[SourceVersionDate "2017.12.12"]
[SourceQuality "1"]

1. e4 c5 2. Nf3 Nc6 3. Bb5 d6 4. Bxc6+ bxc6 5. 0-0 g6 6. Re1 Bg7 7. c3 e5 8. d4 cxd4 9. cxd4 exd4 10. Nxd4 Ne7 11. Nc3 0-0 12. Bg5 f6 13. Bf4 f5 14. Bg5 Bf6 15. Bxf6 Rxf6 16. Nxc6 Nxc6 17. Qd5+ Be6 18. Qxc6 Rc8 19. Qa6 Qb6 20. Qxb6 axb6 21. exf5 Bxf5 22. Nd5 Rff8 23. Ne7+ Kf7 24. Nxc8 Rxc8 25. Rac1 Ra8 26. a3 Ra7 27. Rc6 Ra5 28. Rxd6 Rc5 29. Rxb6 1-0